Death of an old sinner
| Main Author: | |
|---|---|
| Format: | Book |
| Published: |
Bath :
Chivers Press ,
1985
|
| Series: | Black Dagger Crime
|
| Subjects: |
MARC
| LEADER | 00000cam a2200000 7i4500 | ||
|---|---|---|---|
| 001 | 0000003907 | ||
| 002 | 000004208 | ||
| 005 | 20000330.0 | ||
| 020 | |a 0862207800 | ||
| 090 | 0 | 0 | |a F |b DAV |
| 100 | 1 | |a Davis, Dorothy Salisbury | |
| 245 | 1 | 0 | |a Death of an old sinner |c Dorothy Salisbury Davis |
| 260 | |a Bath : |b Chivers Press , |c 1985 | ||
| 300 | |a 170 p. ; |c 20 cm. | ||
| 490 | 0 | |a Black Dagger Crime | |
| 650 | 0 | 0 | |a Crime and detection fiction |
| 999 | |a 030529 |b BUKU |c PINJAMAN |e PERPUSTAKAAN KOMUNITI PETALING JAYA | ||
| 999 | |a 03052 |b BUKU |c FICTION |e PERPUSTAKAAN KOMUNITI PETALING JAYA | ||